Online Catalogue and eLibrary

Gruhastha prachandathwaya saha nawa neethiya (Record no. 5359)

MARC details
000 -LEADER
fixed length control field 00417nam a2200157Ia 4500
005 - DATE AND TIME OF LATEST TRANSACTION
control field 20250626033407.0
008 - FIXED-LENGTH DATA ELEMENTS--GENERAL INFORMATION
fixed length control field 240331s9999 xx 000 0 und d
082 ## - DDC Classification
Item Number - Author Mark GRU
Class No. 362
245 #0 - TITLE STATEMENT
Title Gruhastha prachandathwaya saha nawa neethiya
260 ## - PUBLICATION, DISTRIBUTION, ETC.
Place of publication, distribution, etc. Kirindiwela
Name of publisher, distributor, etc. Village women's Front
Date of publication, distribution, etc. 2006
300 ## - PHYSICAL DESCRIPTION
Extent (e.g. Volumes, Pages etc.) 28 p .,
650 ## - SUBJECT ADDED ENTRY--TOPICAL TERM
Topical term or geographic name entry element Domestic Violence
650 ## - SUBJECT ADDED ENTRY--TOPICAL TERM
Topical term or geographic name entry element Law
700 ## - ADDED ENTRY--PERSONAL NAME
Personal name Gamikantha peramuna.
Relator term (Role) Editor
942 ## - Koha item type (Biblio)
Koha item type Books in Stacks (Lending)
Holdings
Lost status Damaged status Collection code Home library Current library Shelving location Date acquired Full call number Accession Number Item type
    Lending WERC Library WERC Library Social Science Cupboard 03/31/2024 362.8 GRU 6347 Books in Stacks (Lending)

© WERC Library